000 00360nam a22001217a 4500
020 _a9789698535643
100 _aAli Shah
245 _aPakistan in the contemporary international system
_cAli Shah
260 _aIslamabad
_bNUST Institute of Policy Studies
_c2020
300 _a216p
942 _2ddc
_cBK
999 _c541240
_d541240